Online Catalogue and eLibrary

Wathujana Yaapathata (Record no. 6060)

MARC details
000 -LEADER
fixed length control field 00444nam a22001457a 4500
005 - DATE AND TIME OF LATEST TRANSACTION
control field 20250606035514.0
008 - FIXED-LENGTH DATA ELEMENTS--GENERAL INFORMATION
fixed length control field 250606b |||||||| |||| 00| 0 eng d
020 ## - INTERNATIONAL STANDARD BOOK NUMBER
ISBN 9789551355012
082 ## - DDC Classification
DDC Edition Number 22
Class No. 305
245 ## - TITLE STATEMENT
Title Wathujana Yaapathata
260 ## - PUBLICATION, DISTRIBUTION, ETC.
Place of publication, distribution, etc. Rajagiriya
Name of publisher, distributor, etc. Santheshaiya Publishers
Date of publication, distribution, etc. 2006
300 ## - PHYSICAL DESCRIPTION
Extent (e.g. Volumes, Pages etc.) 75 p .,
500 ## - GENERAL NOTE
General note A study on the Socio- economic situation, youth unemployment and waste lands in the plantation sector
942 ## - Koha item type (Biblio)
Koha item type Books in Stacks (Lending)
Holdings
Lost status Damaged status Collection code Home library Current library Date acquired Full call number Accession Number Item type
    Lending WERC Library WERC Library 06/06/2025 305 6997 Books in Stacks (Lending)

© WERC Library